000 00311nam a22001337a 4500
008 170221b xxu||||| |||| 00| 0 eng d
020 _a0080402968
041 _aeng
080 _28TH
_a615
100 _a5
101 _aSHF
245 _aTHE PHARMACOLOGICAL BASIS OF THERAPEUTICS
_cGILMAN, A.G
942 _2udc
_cBK
999 _c6000
_d6000